000 00277 a2200085 4500
020 _a9780760383384
100 _a Elliot Jay Stocks and Ellen Lupton
245 _aUniversal Principles of Typography: 100 Key Concepts for Choosing and Using Type
260 _bRockport Publishers
_c2024
999 _c13260
_d13260